| 000 | 02604cam a22002414a 4500 | ||
|---|---|---|---|
| 005 | 20250605163949.0 | ||
| 008 | 250528s ||||||||||||||||||||||||d | ||
| 035 | _a15329 | ||
| 020 | _a201845539 | ||
| 040 |
_aGR-AtMCL _bgre _dGR-AtMCL _eAACR2 |
||
| 245 | 1 | _aMultinational Business Finance / Seventh Edition | |
| 250 | _a7th | ||
| 260 |
_bAddison-Wesley Publishing Company, _c1995 |
||
| 300 | _a700 | ||
| 505 | 0 | _aThe International Financial Environment, Introduction to Multinational Business Finance, The International Monetary System, Balances and Imbalances of Payments, Foreign Exchange Markets, The Foreign Exchange Market, Interantional Parity Conditions, Foreign Currency Options, Managing Foreign Exchange Exposure, Transaction Exposure: Measurement and Management, Operating Exposure, Accounting Exposure, Financing from a Global Perspective, Internationalizing the Cost of Capital, Designing the Financial Structure, Sourcing Equity Internationally, Sourcing Debt Internationally, Interest Rate Risk Management, Trade Financing, International Banking, Import and Export Financing, Foreign Investment Decisions, Corporate Strategy and Foreign Investment, Political Risk Management, Multinational Capital Budgeting, International Portfolio Investments, Controlling International Operations, Principles of Multinational Taxation, Working Capital Management, Advanced Topics in Currency Risk Management. | |
| 520 | _aThe International Financial Environment, Introduction to Multinational Business Finance, The International Monetary System, Balances and Imbalances of Payments, Foreign Exchange Markets, The Foreign Exchange Market, Interantional Parity Conditions, Foreign Currency Options, Managing Foreign Exchange Exposure, Transaction Exposure: Measurement and Management, Operating Exposure, Accounting Exposure, Financing from a Global Perspective, Internationalizing the Cost of Capital, Designing the Financial Structure, Sourcing Equity Internationally, Sourcing Debt Internationally, Interest Rate Risk Management, Trade Financing, International Banking, Import and Export Financing, Foreign Investment Decisions, Corporate Strategy and Foreign Investment, Political Risk Management, Multinational Capital Budgeting, International Portfolio Investments, Controlling International Operations, Principles of Multinational Taxation, Working Capital Management, Advanced Topics in Currency Risk Management. | ||
| 700 | 1 |
_aEiteman David K _91223 |
|
| 700 | 1 |
_aMoffett Michael H _91226 |
|
| 700 | 1 |
_aStonehill Arthur I _91224 |
|
| 942 | _cBK | ||
| 999 |
_c919 _d919 |
||